LEADER 02713nam 2200601Ia 450 001 9910450505403321 005 20200520144314.0 010 $a1-280-51476-0 010 $a9786610514762 010 $a1-84544-218-0 035 $a(CKB)1000000000018379 035 $a(EBL)231850 035 $a(OCoLC)475938053 035 $a(SSID)ssj0000673521 035 $a(PQKBManifestationID)11417166 035 $a(PQKBTitleCode)TC0000673521 035 $a(PQKBWorkID)10644670 035 $a(PQKB)11579420 035 $a(MiAaPQ)EBC231850 035 $a(Au-PeEL)EBL231850 035 $a(CaPaEBR)ebr10069020 035 $a(CaONFJC)MIL51476 035 $a(OCoLC)567815046 035 $a(EXLCZ)991000000000018379 100 $a20000815d2004 uy 0 101 0 $aeng 135 $aur|n|---||||| 181 $ctxt 182 $cc 183 $acr 200 00$aPapers from the four international network conference (INC 2004) - 6 - 9 July 2004 Plymouth, UK$b[electronic resource] /$fGuest editor Dr. Steven Furnell 210 $aBradford, England $cEmerald Group Publishing$dc2004 215 $a1 online resource (55 p.) 225 1 $aInternet research ;$vv.14, no. 5 300 $aDescription based upon print version of record. 311 $a1-84544-054-4 327 $aContents; Guest editorial; Efficient resource discovery in grids and P2P networks; Mechanisms for controlling access in the global environment; Non-business use of the Non-business use of the Australian organisations; PIDS; Web services; Using the Web Graph to influence application behaviour; Multi-dimensional personalisation for location and interest based recommendation 330 $aThe 4th International Network Conference (INC 2004) The papers in this issue of Internet Research are based on a selection of submissions from INC 2004, the 4th International Network Conference, which was held in Plymouth, UK, from 6-9 July 2004. INC events have been running since 1998, and provide a forum for sharing the latest research in computer networks and related technologies.Previously published in: Internet Research, Volume 14, Number 5, 2004 410 0$aInternet research ;$vv.14, no. 5. 606 $aComputers$xSocial aspects 606 $aInternet$xSocial aspects 608 $aElectronic books. 615 0$aComputers$xSocial aspects. 615 0$aInternet$xSocial aspects. 676 $a333.7516 701 $aFurnell$b Steven$0846860 801 0$bMiAaPQ 801 1$bMiAaPQ 801 2$bMiAaPQ 906 $aBOOK 912 $a9910450505403321 996 $aPapers from the four international network conference (INC 2004) - 6 - 9 July 2004 Plymouth, UK$92175735 997 $aUNINA LEADER 01362nam 2200445 450 001 9910494631803321 005 20200916073005.0 010 $a1-5275-5181-4 035 $a(CKB)4100000011254188 035 $a(MiAaPQ)EBC6200102 035 $a(EXLCZ)994100000011254188 100 $a20200916d2012 uy 0 101 0 $aeng 135 $aurcnu|||||||| 181 $ctxt$2rdacontent 182 $cc$2rdamedia 183 $acr$2rdacarrier 200 00$aVisible exports/imports $enew research on medieval and Renaissance European art and culture /$fedited by Emily Jane Anderson, Jill Farquhar and John Richards 210 1$aNewcastle upon Tyne, UK :$cCambridge Scholars Publishing,$d2012. 215 $a1 online resource (325 pages) $cillustrations 300 $aIncludes index. 311 $a1-4438-3997-3 606 $aArt, European$y14th century 606 $aArt, Medieval$zEurope 606 $aArt, European$y15th century 608 $aElectronic books. 615 0$aArt, European 615 0$aArt, Medieval 615 0$aArt, European 676 $a709.023 702 $aRichards$b John$f1954- 702 $aJillox 702 $aAnderson$b Emily Jane 801 0$bMiAaPQ 801 1$bMiAaPQ 801 2$bMiAaPQ 906 $aBOOK 912 $a9910494631803321 996 $aVisible exports$92444886 997 $aUNINA LEADER 02901nam 22006612 450 001 9910818833903321 005 20201123142619.0 010 $a1-64189-084-3 010 $a1-64189-916-6 010 $a1-64189-083-5 024 7 $a10.1515/9781641890830 035 $a(CKB)4100000008780952 035 $a(MiAaPQ)EBC5841217 035 $a(DE-B1597)541572 035 $a(OCoLC)1104741803 035 $a(DE-B1597)9781641890830 035 $a(UkCbUP)CR9781641890830 035 $a(EXLCZ)994100000008780952 100 $a20201011d2019|||| uy| 0 101 0 $aeng 135 $aur||||||||||| 181 $ctxt$2rdacontent 182 $cc$2rdamedia 183 $acr$2rdacarrier 200 10$aMedieval Islamic sectarianism /$fChristine D. Baker$b[electronic resource] 210 1$aLeeds :$cArc Humanities Press,$d2019. 215 $a1 online resource (x, 106 pages) $cdigital, PDF file(s) 225 1 $aPast imperfect 300 $aTitle from publisher's bibliographic system (viewed on 20 Nov 2020). 311 0 $a1-64189-082-7 327 $tFront matter --$tContents --$tAcknowledgements and a Note on Transliteration --$tTimeline --$tIntroduction --$tChapter 1. When did Sunnism Become Orthodox? --$tChapter 2. Non-Sunni Islams Before the Tenth Century --$tChapter 3. The Fatimids and Isma'ili Shi'ism in North Africa --$tChapter 4. The Buyids and Shi?ism in Baghdad --$tConclusion: Reactions to the Shi?i Century --$tGlossary of Key Terms --$tFurther Reading 330 $aThis book asks readers to re-examine their view of the Islamic world and the development of sectarianism in the Middle East by shining a light on the complexity and diversity of early Islamic society. While Sunni Islam eventually became politically and numerically dominant, Sunni and Shi?i identities took centuries to develop as independent communities. When modern discussions of sectarianism in the Middle East reduce these identities to a 1400-year war between Sunnis and Shi?is, we create a false narrative. 410 0$aPast imperfect (ARC Humanities Press) 606 $aIslam$zMiddle East$xHistory$yTo 1500 606 $aSunnites$xRelations$xShi??ah 606 $aShi??ah$xRelations$xSunnites 606 $aIslam$xRelations 607 $aMiddle East$xReligion 608 $aHistory.$2fast 610 $aBuyids. 610 $aFatimids. 610 $aHeterodoxy. 610 $aIslam. 610 $aSectarianism. 610 $aShi?ism. 610 $asunni. 615 0$aIslam$xHistory 615 0$aSunnites$xRelations$xShi??ah. 615 0$aShi??ah$xRelations$xSunnites. 615 0$aIslam$xRelations. 676 $a297.804209560902 700 $aBaker$b Christine D.$0282710 801 0$bUkCbUP 801 1$bUkCbUP 906 $aBOOK 912 $a9910818833903321 996 $aMedieval Islamic sectarianism$94125003 997 $aUNINA LEADER 03510nam 22005053 450 001 9910946923703321 005 20241230084506.0 010 $a9791221504927 035 $a(MiAaPQ)EBC31861124 035 $a(Au-PeEL)EBL31861124 035 $a(CKB)37084296500041 035 $a(Exl-AI)31861124 035 $a(NjHacI)9937084296500041 035 $a(EXLCZ)9937084296500041 100 $a20241230d2024 uy 0 101 0 $aita 135 $aurcnu|||||||| 181 $ctxt$2rdacontent 182 $cc$2rdamedia 183 $acr$2rdacarrier 200 10$aGli Studi Slavistici in Italia Nell'ultimo Trentennio (1991-2021). Bilanci e Prospettive $eContributi Presentati Al VII Congresso Italiano Di Slavistica. Volume 2 205 $a1st ed. 210 1$aFlorence :$cFirenze University Press,$d2024. 210 4$dİ2024. 215 $a1 online resource (410 pages) 225 1 $aBiblioteca Di Studi Slavistici Series ;$vv.58 311 08$a9791221504910 327 $atitle page -- copyright page -- table of contents -- Trent?anni di studi slavi in Italia: una ricognizione -- Cristiano Diddi -- La filologia slava in Italia: un trentennio di studi (1991-2021) -- Cristiano Diddi -- Trent?anni di linguistica slava in Italia -- Paola Cotta Ramusino -- Slavistica e comparatistica letteraria -- Marcello Garzaniti -- La slavistica e le teorie della traduzione, della letteratura, della cultura -- Laura Salmon -- La letteratura della Rus? medievale: stato dell?arte e problemi -- Barbara Lomagistro -- La letteratura russa del Settecento -- Laura Rossi -- La letteratura russa dell?Ottocento -- Damiano Rebecchini -- La letteratura russa del Novecento -- Stefano Garzonio -- La letteratura russa contemporanea -- Marco Sabbatini -- Ucrainistica e bielorussistica -- Maria Grazia Bartolini -- Trent?anni di studi polonistici italiani (1991-2021). Letteratura polacca premoderna -- Marcello Piacentini -- Trent?anni di studi polonistici italiani (1991-2021). Letteratura polacca dall?Ottocento a oggi -- Andrea Ceccherelli -- Gli studi di letteratura ceca in Italia negli ultimi trenta anni$7Generated by AI. 330 $aThis volume brings together the balances of Italian Slavic studies carried out over the past thirty years and outlines the prospects for future ones, with reference to numerous thematic areas, starting with those of a more general nature such as the history of Slavistics, Slavic philology and linguistics, and moving on to those characterized by an interdiscliplinary perspective such as translation theory, literary theory, literary comparatistics, and the arts. In-depth balances then concern studies of the literatures most studied in Italy, such as Russian, Polish and Czech, but research concerning other disciplinary areas cultivated in Italian universities, such as Slovenian Serbo-Croatian, Belorussian, Ukrainian and Bulgarian, is not neglected. 410 0$aBiblioteca Di Studi Slavistici Series 606 $aLinguistics$vCongresses 606 $aCulture 615 0$aLinguistics 615 0$aCulture. 676 $a410 700 $aBenacchio$b Rosanna$01346911 701 $aCeccherelli$b Andrea$01850054 701 $aDiddi$b Cristiano$0526871 801 0$bMiAaPQ 801 1$bMiAaPQ 801 2$bMiAaPQ 906 $aBOOK 912 $a9910946923703321 996 $aGli Studi Slavistici in Italia Nell'ultimo Trentennio (1991-2021). Bilanci e Prospettive$94443018 997 $aUNINA